| 000 | 00535nam a2200181Ia 4500 | ||
|---|---|---|---|
| 003 | GCL | ||
| 008 | 140319s9999 xx 000 0 ara d | ||
| 040 |
_aGCL / _cGCL |
||
| 082 | 0 | 4 |
_aم _b413.028 _bج م |
| 100 | 1 | _aحسين نصار | |
| 245 | 1 | 0 |
_aالمعجم العربى نشاته وتطوره / _cحسين نصار |
| 260 |
_a[S.N] : _bمكتبة مصر ، _c1988 |
||
| 300 | _a682 ص | ||
| 490 |
_aالاعمال الروائية _v0 |
||
| 650 | 0 | 4 | _aاللغة العربية |
| 650 | 0 | 4 | _aالمعاجم |
| 942 |
_2ddc _cREF |
||
| 999 |
_c59589 _d59589 |
||